Rozvoj slovenského divadelníctva v súčasnosti

Podrobná bibliografia
Hlavný autor: Mistrík, Miloš, 1953- (Autor)
Médium: Článok
Jazyk:slovenčina
Predmet:

MARC

LEADER 00000nab a2200000 a 4500
001 vtls000220851
003 SK-MaSNL
005 20260303203031.0
008 111202c1985 xo 0 slo
015 |a SNBRA19rr/mm-uuuuu 
035 |a CL0230965 
040 |a SNKBUCL  |b slo  |c SNKBUCL  |e AACR2 
041 0 |a slo 
044 |a xo  |c SK 
080 |a 792(437.6)(091)  |2 1981 
100 1 |a Mistrík, Miloš,  |d 1953-  |4 aut  |9 103210 
245 1 0 |a Rozvoj slovenského divadelníctva v súčasnosti  |c Miloš Mistrík 
650 0 7 |a slovenské divadlo  |2 snkbucl  |9 3370 
655 7 |a články zo zborníkov  |2 snkbucl  |9 166140 
773 0 |t Slovakistické štúdie  |d Martin : Matica slovenská, 1985 
850 |a Slovenská národná knižnica v Martine  |a MTA001 
852 |a SNK  |b KIS3GCP 
958 |a RK 
992 |a RZB 
999 |c 2183306  |d 2185236